000 01993nam a2200337 i 4500
001 768714001
003 CO-MdFUSB
005 20210602165918.0
007 ta
008 200610t2004 ck |||| |||| 00| 0 spa d
020 _a9584210327
040 _aCO-MdFUSB
_bspa
_cCO-MdFUSB
_dCO-MdFUSBC
_erda
041 _aspa
082 _223
_a863.7
_bG677
100 _aGossaín, Juan
_d1949-
_eautor
245 _aPuro cuento
_c/ Juan Gossaín
264 1 _aBogotá, Colombia :
_bSeix Barral,
_c[2004]
264 4 _c©2004
300 _c245 páginas ;
_a24 cm
336 _2rdacontent
_atexto
_btxt
337 _2rdamedia
_asin mediación
_bn
338 _2rdacarrier
_avolumen
_bnc
490 _aBiblioteca Breve
505 _aConfesión de parte -- Maramulata aprende a cantar -- La rueda de la fortuna -- PAra matar el tiempo -- El está loco -- .com -- De remate -- El suplicio de Tántalo -- La prisa -- Maña que fuerza -- Los satanases -- El flautistas -- Pobre gordo -- Los lunares del perro -- Futuro imperfecto -- Los tres deseos -- Monólogo entre dos -- El martillo digital (o las huellas de la vida) -- Final
520 _aLa gracia y la agudeza narrativas de Juan Gossaín se repiten en este nueva libro con personajes conmovedores, como el solitario que se hace amigo de un pájara de playa con el que conversa y al que trata de enseñarle a cantar, o la bella españolita trastocada desde que su ventilador da marcha atrás, o el aristócrata que renuncia a sus blasones y se muda a vivir en un banco de la plaza del pueblo, o la ofinista que se gana la lotería pero a quien su horóscopo le hace una mala jugada, hasta la no tan lejana ciencia ficción de una sociedad en la que a todo el mundo se le cobra por usar las palabras, o en el que el legendario Buck Rogers agoniza, presa de la melancolia.
563 _aRústico
650 7 _2embne
_92265
_aLiteratura hispanoamericana
650 7 _2embne
_92519
_aLiteratura colombiana
_yS.XIX
942 _cBK
945 _aDani
999 _c66085
_d66085